000 00343nam a2200133Ia 4500
008 240624s9999 xx 000 0 und d
041 _aeng
082 _a003 GLO
100 _aGLOVER FRED
245 _aNETWORK MODELS IN OPTIMIZATION AND THEIR
260 _c1992
_aSingapore
_bJohn Wiley
300 _axvi, : 284 : p. : cm. ; 25
365 _c
_b28
999 _c5122
_d5122